[Event "WYCC Open U12"]
[Site "Porto Carras"]
[Date "2015.10.26"]
[Round "2.8"]
[White "Melkonyan, Gor"]
[Black "Bjerre, Jonas"]
[Result "0-1"]
[BlackElo "2193"]
[WhiteElo "1926"]
[LiveChessVersion "1.4.6"]

1. e4 {[%clk 1:30:56]} c5 {[%clk 1:30:52]} 2. Nf3 {[%clk 1:31:22]} e6
{[%clk 1:31:17]} 3. d4 {[%clk 1:31:43]} cxd4 {[%clk 1:31:30]} 4. Nxd4
{[%clk 1:32:09]} Nc6 {[%clk 1:31:55]} 5. Nc3 {[%clk 1:32:35]} Qc7
{[%clk 1:32:17]} 6. f4 {[%clk 1:32:48]} a6 {[%clk 1:31:46]} 7. Nxc6
{[%clk 1:32:12]} bxc6 {[%clk 1:31:43]} 8. Bd3 {[%clk 1:31:49]} d5
{[%clk 1:30:11]} 9. O-O {[%clk 1:30:57]} Nf6 {[%clk 1:28:49]} 10. Qe2
{[%clk 1:21:54]} Be7 {[%clk 1:23:15]} 11. Kh1 {[%clk 1:05:50]} O-O
{[%clk 1:20:42]} 12. Bd2 {[%clk 0:56:21]} c5 {[%clk 1:15:38]} 13. b3
{[%clk 0:47:29]} Bb7 {[%clk 1:10:57]} 14. e5 {[%clk 0:47:44]} Nd7
{[%clk 1:09:17]} 15. Nd1 {[%clk 0:41:37]} Rfe8 {[%clk 1:04:54]} 16. c4
{[%clk 0:37:27]} d4 {[%clk 1:03:40]} 17. Nf2 {[%clk 0:33:24]} f5 {[%clk 0:57:10]}
18. Nh3 {[%clk 0:28:19]} a5 {[%clk 0:55:38]} 19. Ng1 {[%clk 0:25:17]} a4
{[%clk 0:54:01]} 20. Nf3 {[%clk 0:20:27]} Bc6 {[%clk 0:52:26]} 21. Kg1
{[%clk 0:17:39]} Qb7 {[%clk 0:51:00]} 22. bxa4 {[%clk 0:11:01]} Rxa4
{[%clk 0:50:54]} 23. Rfb1 {[%clk 0:09:18]} Qa8 {[%clk 0:48:38]} 24. Bc1
{[%clk 0:06:11]} Be4 {[%clk 0:47:16]} 25. a3 {[%clk 0:04:47]} Bxd3
{[%clk 0:46:08]} 26. Qxd3 {[%clk 0:05:16]} Qa6 {[%clk 0:46:04]} 27. Rb5
{[%clk 0:00:59]} Nb6 {[%clk 0:45:03]} 28. Rab1 {[%clk 0:01:05]} Nxc4
{[%clk 0:43:52]} 29. Rb8 {[%clk 0:00:50]} Rxb8 {[%clk 0:39:12]} 30. Rxb8+
{[%clk 0:01:18]} Kf7 {[%clk 0:38:11]} 31. Qb3 {[%clk 0:01:32]} Qc6
{[%clk 0:35:41]} 32. Kf2 {[%clk 0:01:10]} Na5 {[%clk 0:32:18]} 33. Qd1
{[%clk 0:00:42]} g6 {[%clk 0:31:26]} 34. Kg3 {[%clk 0:00:49]} Rc4
{[%clk 0:21:09]} 35. Bd2 {[%clk 0:00:50]} Qa6 {[%clk 0:19:42]} 36. Qe2
{[%clk 0:00:39]} Nc6 {[%clk 0:19:07]} 37. Rb6 {[%clk 0:00:37]} Qxb6
{[%clk 0:17:08]} 38. Qxc4 {[%clk 0:01:06]} Qd8 {[%clk 0:15:42]} 39. Qa6
{[%clk 0:00:50]} Qd5 {[%clk 0:15:04]} 40. Qb7 {[%clk 0:30:53]} h6
{[%clk 0:43:11]} 41. Qb1 {[%clk 0:23:39]} c4 {[%clk 0:42:41]} 42. a4
{[%clk 0:22:52]} c3 {[%clk 0:42:31]} 43. Be1 {[%clk 0:23:03]} Qe4
{[%clk 0:38:59]} 44. Qc1 {[%clk 0:22:45]} Nb4 {[%clk 0:37:58]} 45. h4
{[%clk 0:16:02]} Nd3 {[%clk 0:36:42]} 46. Qd1 {[%clk 0:15:44]} Qxf4+
{[%clk 0:36:28]} 47. Kh3 {[%clk 0:16:13]} Nxe1 {[%clk 0:35:56]} 48. Nxe1
{[%clk 0:16:21]} Qxh4# {[%clk 0:36:18]} 0-1

[Event "WYCC Open U12"]
[Site "Porto Carras"]
[Date "2015.10.26"]
[Round "2.9"]
[White "Henderson De La Fuente, Lance"]
[Black "Brozel, Sacha"]
[Result "1-0"]
[BlackElo "1933"]
[WhiteElo "2180"]
[LiveChessVersion "1.4.6"]

1. e4 {[%clk 1:30:57]} c5 {[%clk 1:30:57]} 2. Nf3 {[%clk 1:31:12]} e6
{[%clk 1:31:22]} 3. g3 {[%clk 1:31:30]} Nc6 {[%clk 1:31:37]} 4. Bg2
{[%clk 1:31:53]} Qc7 {[%clk 1:30:58]} 5. O-O {[%clk 1:31:59]} Nf6
{[%clk 1:31:18]} 6. d4 {[%clk 1:31:53]} Nxe4 {[%clk 1:20:13]} 7. d5
{[%clk 1:32:18]} Nb4 {[%clk 1:18:22]} 8. Re1 {[%clk 1:26:27]} Nf6
{[%clk 1:15:09]} 9. Nc3 {[%clk 1:23:04]} d6 {[%clk 1:03:40]} 10. a3
{[%clk 1:22:54]} Na6 {[%clk 1:03:41]} 11. Bf4 {[%clk 1:22:45]} Bd7
{[%clk 1:02:53]} 12. dxe6 {[%clk 1:22:32]} fxe6 {[%clk 1:03:14]} 13. Ng5
{[%clk 1:21:28]} e5 {[%clk 1:00:52]} 14. Nd5 {[%clk 1:15:59]} Nxd5
{[%clk 1:00:31]} 15. Bxd5 {[%clk 1:11:27]} O-O-O {[%clk 0:39:31]} 16. Nf7
{[%clk 1:10:36]} exf4 {[%clk 0:39:32]} 17. Nxh8 {[%clk 1:10:56]} Re8
{[%clk 0:35:28]} 18. Qh5 {[%clk 1:08:26]} Qd8 {[%clk 0:30:02]} 19. Qf3
{[%clk 0:58:49]} Nc7 {[%clk 0:22:07]} 20. Bxb7+ {[%clk 0:59:02]} Kb8
{[%clk 0:22:36]} 21. Bc6 {[%clk 0:55:35]} Rxe1+ {[%clk 0:13:30]} 22. Rxe1
{[%clk 0:55:55]} Be6 {[%clk 0:12:12]} 23. Qxf4 {[%clk 0:48:13]} g5 24. Nf7
{[%clk 0:47:30]} Qc8 {[%clk 0:01:53]} 25. Nxg5 {[%clk 0:46:37]} Bh6
{[%clk 0:02:05]} 26. Qf6 {[%clk 0:45:30]} Bxg5 {[%clk 0:02:30]} 27. Qxg5
{[%clk 0:45:56]} d5 {[%clk 0:02:19]} 28. Qe7 {[%clk 0:45:44]} c4 {[%clk 0:01:53]}
29. Qb4+ {[%clk 0:46:03]} 1-0

[Event "WYCC Open U12"]
[Site "Porto Carras"]
[Date "2015.10.26"]
[Round "2.10"]
[White "Paul, Justin"]
[Black "Stoyanov, Tsvetan"]
[Result "1/2-1/2"]
[BlackElo "2176"]
[WhiteElo "1926"]
[LiveChessVersion "1.4.6"]

1. Nf3 {[%clk 1:30:58]} Nf6 {[%clk 1:30:53]} 2. c4 {[%clk 1:31:25]} c5
{[%clk 1:30:18]} 3. g3 {[%clk 1:31:46]} Nc6 {[%clk 1:30:40]} 4. Bg2
{[%clk 1:32:12]} g6 {[%clk 1:30:30]} 5. b3 {[%clk 1:32:37]} Bg7 {[%clk 1:30:32]}
6. Bb2 {[%clk 1:33:03]} O-O 7. O-O {[%clk 1:33:15]} d6 {[%clk 1:20:30]} 8. Nc3
{[%clk 1:27:38]} a6 {[%clk 1:13:35]} 9. d4 {[%clk 1:25:27]} cxd4 {[%clk 1:12:43]}
10. Nxd4 {[%clk 1:25:26]} Bd7 {[%clk 1:13:10]} 11. Nxc6 {[%clk 1:19:08]} Bxc6
{[%clk 1:04:24]} 12. Nd5 {[%clk 1:18:37]} Nd7 {[%clk 0:58:45]} 13. Bxg7
{[%clk 1:18:16]} Kxg7 {[%clk 0:59:13]} 14. Qd4+ {[%clk 1:18:24]} Kg8
{[%clk 0:59:29]} 15. Rfd1 {[%clk 1:08:03]} a5 {[%clk 0:58:37]} 16. Qh4
{[%clk 1:05:13]} Re8 {[%clk 0:53:02]} 17. Bh3 {[%clk 0:59:05]} Bxd5
{[%clk 0:42:33]} 18. Rxd5 {[%clk 0:57:16]} Nf6 {[%clk 0:41:33]} 19. Rd3
{[%clk 0:44:24]} a4 {[%clk 0:37:37]} 20. Rad1 {[%clk 0:43:28]} Qb6
{[%clk 0:37:05]} 21. Bg2 {[%clk 0:41:58]} h5 {[%clk 0:36:31]} 22. h3
{[%clk 0:34:44]} Ra5 {[%clk 0:31:28]} 23. Re3 {[%clk 0:26:05]} Kg7
{[%clk 0:30:10]} 24. Qd4 {[%clk 0:16:00]} Qb4 {[%clk 0:24:42]} 25. Qd2
{[%clk 0:12:47]} Qxd2 {[%clk 0:24:01]} 26. Rxd2 {[%clk 0:13:13]} axb3
{[%clk 0:18:18]} 27. Rxb3 {[%clk 0:12:57]} Nd7 {[%clk 0:14:51]} 28. Rxb7
{[%clk 0:11:53]} Nc5 {[%clk 0:13:47]} 29. Rb5 {[%clk 0:11:17]} Ra3
{[%clk 0:13:42]} 30. Rc2 {[%clk 0:10:40]} Rc8 {[%clk 0:13:18]} 31. Bd5
{[%clk 0:08:27]} Rc7 {[%clk 0:13:23]} 32. h4 {[%clk 0:07:13]} Rca7
{[%clk 0:12:56]} 1/2-1/2

[Event "WYCC Open U12"]
[Site "Porto Carras"]
[Date "2015.10.26"]
[Round "2.11"]
[White "Martinez, Cristian Camilo"]
[Black "Tsoi, Dmitry"]
[Result "1-0"]
[BlackElo "2161"]
[WhiteElo "1918"]
[LiveChessVersion "1.4.6"]

1. e4 {[%clk 1:30:43]} c5 {[%clk 1:30:58]} 2. Nf3 {[%clk 1:31:05]} d6
{[%clk 1:31:25]} 3. d4 {[%clk 1:31:18]} Nf6 {[%clk 1:31:51]} 4. Nc3
{[%clk 1:31:33]} cxd4 {[%clk 1:32:18]} 5. Nxd4 {[%clk 1:31:42]} a6
{[%clk 1:32:45]} 6. f3 {[%clk 1:31:41]} e6 {[%clk 1:33:08]} 7. Be3
{[%clk 1:31:54]} b5 {[%clk 1:33:29]} 8. Qd2 {[%clk 1:31:59]} Nbd7
{[%clk 1:33:47]} 9. O-O-O {[%clk 1:31:50]} Bb7 {[%clk 1:34:02]} 10. Kb1
{[%clk 1:31:56]} Nb6 {[%clk 1:34:17]} 11. Qf2 {[%clk 1:31:58]} Nfd7
{[%clk 1:34:34]} 12. Bd3 {[%clk 1:32:08]} Rc8 {[%clk 1:34:44]} 13. Nce2
{[%clk 1:32:14]} Be7 {[%clk 1:34:35]} 14. g4 {[%clk 1:32:24]} Nc5
{[%clk 1:33:52]} 15. Ng3 {[%clk 1:31:54]} Nba4 {[%clk 1:32:42]} 16. f4
{[%clk 1:25:14]} Qa5 {[%clk 1:25:45]} 17. Bd2 {[%clk 1:12:51]} Qb6
{[%clk 1:25:12]} 18. Rhf1 {[%clk 1:12:51]} d5 {[%clk 1:21:01]} 19. e5
{[%clk 1:11:27]} Nxd3 {[%clk 1:19:31]} 20. cxd3 {[%clk 1:11:49]} Bc5
{[%clk 1:19:55]} 21. Be3 {[%clk 1:12:01]} b4 {[%clk 1:20:01]} 22. f5
{[%clk 1:07:03]} Nc3+ {[%clk 1:19:25]} 23. bxc3 {[%clk 0:54:59]} bxc3+
{[%clk 1:19:51]} 24. Ka1 {[%clk 0:55:22]} O-O {[%clk 1:08:16]} 25. Rb1
{[%clk 0:51:45]} Qc7 {[%clk 1:07:09]} 26. Nxe6 Bxe3 {[%clk 0:32:52]} 27. Nxc7
{[%clk 0:47:24]} Bxf2 {[%clk 0:33:19]} 28. Rxb7 {[%clk 0:47:43]} Bd4
{[%clk 0:33:41]} 29. Kb1 {[%clk 0:46:34]} Rfd8 {[%clk 0:31:09]} 30. e6
{[%clk 0:43:36]} f6 {[%clk 0:31:16]} 31. Kc2 {[%clk 0:42:51]} Be5
{[%clk 0:28:32]} 32. Nxa6 {[%clk 0:43:01]} d4 {[%clk 0:28:37]} 33. Nb4
{[%clk 0:41:55]} Rc5 {[%clk 0:27:19]} 34. Nh5 {[%clk 0:39:41]} Bd6
{[%clk 0:24:48]} 35. Rxg7+ {[%clk 0:39:28]} Kh8 {[%clk 0:25:10]} 36. e7
{[%clk 0:38:44]} Rb8 {[%clk 0:22:59]} 37. Nxf6 {[%clk 0:38:51]} Kxg7
{[%clk 0:23:16]} 38. e8=Q {[%clk 0:39:13]} Re5 {[%clk 0:23:37]} 39. Qd7+
{[%clk 0:34:53]} Be7 {[%clk 0:24:02]} 40. Ne4 {[%clk 1:05:05]} Rxb4
{[%clk 0:54:20]} 41. f6+ {[%clk 1:05:30]} Kh6 {[%clk 0:54:47]} 42. fxe7
{[%clk 1:05:23]} Rb2+ {[%clk 0:55:04]} 43. Kc1 {[%clk 1:05:41]} Reb5
{[%clk 0:55:24]} 44. g5+ {[%clk 1:05:54]} 1-0

[Event "WYCC Open U12"]
[Site "Porto Carras"]
[Date "2015.10.26"]
[Round "2.12"]
[White "Itgelt, Khuyagtsogt"]
[Black "Hong, Andrew Z"]
[Result "0-1"]
[BlackElo "2136"]
[WhiteElo "1895"]
[LiveChessVersion "1.4.6"]

1. e4 {[%clk 1:30:59]} c5 {[%clk 1:30:49]} 2. Nf3 {[%clk 1:31:22]} d6
{[%clk 1:31:10]} 3. d4 {[%clk 1:31:43]} cxd4 {[%clk 1:31:32]} 4. Nxd4
{[%clk 1:32:04]} Nf6 {[%clk 1:31:50]} 5. Nc3 {[%clk 1:32:22]} a6 {[%clk 1:32:06]}
6. Be3 {[%clk 1:32:44]} e5 {[%clk 1:32:18]} 7. Nb3 {[%clk 1:32:59]} Be6
{[%clk 1:32:33]} 8. Qd2 {[%clk 1:33:01]} Nbd7 {[%clk 1:30:31]} 9. O-O-O
{[%clk 1:32:17]} Rc8 {[%clk 1:28:53]} 10. f4 {[%clk 1:30:19]} b5 {[%clk 1:22:05]}
11. Kb1 {[%clk 1:29:19]} Be7 {[%clk 1:13:16]} 12. f5 {[%clk 1:27:55]} Bc4
{[%clk 1:11:28]} 13. g4 {[%clk 1:25:42]} h6 {[%clk 1:07:11]} 14. Rg1
{[%clk 1:24:37]} Qc7 {[%clk 1:03:29]} 15. a3 {[%clk 1:18:26]} Rb8
{[%clk 0:52:01]} 16. Nd5 {[%clk 0:55:13]} Nxd5 {[%clk 0:49:40]} 17. exd5
{[%clk 0:54:56]} Nf6 {[%clk 0:47:44]} 18. Qc3 {[%clk 0:33:55]} Bd8
{[%clk 0:43:26]} 19. Qd2 {[%clk 0:14:36]} Bxd5 {[%clk 0:35:15]} 20. Bg2
{[%clk 0:14:26]} Bxg2 {[%clk 0:32:30]} 21. Rxg2 {[%clk 0:14:21]} Be7
{[%clk 0:28:38]} 22. h4 {[%clk 0:13:07]} Ne4 {[%clk 0:23:20]} 23. Qe1
{[%clk 0:10:53]} Qb7 {[%clk 0:22:02]} 24. Re2 {[%clk 0:10:38]} d5
{[%clk 0:20:17]} 25. Na5 {[%clk 0:10:00]} Qa8 {[%clk 0:19:00]} 26. Ba7
{[%clk 0:07:10]} Rd8 {[%clk 0:16:44]} 27. Bb6 {[%clk 0:06:58]} Rd7
{[%clk 0:16:27]} 28. Rd3 {[%clk 0:04:27]} Qb8 {[%clk 0:15:33]} 29. Bg1
{[%clk 0:04:01]} Qc7 {[%clk 0:14:45]} 30. Qd1 {[%clk 0:01:10]} Nf6
{[%clk 0:14:01]} 31. b4 {[%clk 0:00:34]} Nxg4 {[%clk 0:11:11]} 32. Rxd5
{[%clk 0:00:33]} Rxd5 {[%clk 0:10:59]} 33. Qxd5 {[%clk 0:00:43]} O-O
{[%clk 0:11:13]} 34. Nc6 {[%clk 0:00:34]} Bxh4 {[%clk 0:09:45]} 35. Nxe5
{[%clk 0:00:32]} Rd8 {[%clk 0:09:11]} 36. Qe4 {[%clk 0:00:33]} Nxe5
{[%clk 0:08:54]} 37. Bh2 {[%clk 0:00:37]} Qc3 {[%clk 0:08:36]} 0-1

[Event "WYCC Open U12"]
[Site "Porto Carras"]
[Date "2015.10.27"]
[Round "3.1"]
[White "Abdusattorov, Nodirbek"]
[Black "Stefansson, Vignir Vatnar"]
[Result "1-0"]
[BlackElo "2033"]
[WhiteElo "2432"]
[LiveChessVersion "1.4.6"]

1. d4 {[%clk 1:30:56]} Nf6 {[%clk 1:30:38]} 2. c4 {[%clk 1:31:16]} e6
{[%clk 1:30:53]} 3. Nc3 {[%clk 1:31:35]} Bb4 {[%clk 1:31:15]} 4. e3
{[%clk 1:31:51]} O-O {[%clk 1:29:28]} 5. Nge2 {[%clk 1:31:45]} d5
{[%clk 1:27:46]} 6. a3 {[%clk 1:31:30]} Be7 {[%clk 1:28:09]} 7. Ng3
{[%clk 1:31:19]} c6 {[%clk 1:25:19]} 8. cxd5 {[%clk 1:31:28]} cxd5
{[%clk 1:25:30]} 9. Bd3 {[%clk 1:30:31]} b6 {[%clk 1:23:10]} 10. Qe2
{[%clk 1:30:17]} a5 {[%clk 1:11:57]} 11. O-O {[%clk 1:30:17]} Ba6
{[%clk 1:11:57]} 12. Nb5 Nc6 13. Bd2 {[%clk 1:24:28]} Qd7 {[%clk 1:05:52]} 14.
Rfc1 {[%clk 1:10:10]} Rfc8 {[%clk 1:05:43]} 15. f3 {[%clk 1:04:12]} g6
{[%clk 1:03:33]} 16. Bc3 {[%clk 1:01:50]} Na7 {[%clk 0:58:05]} 17. a4
{[%clk 1:02:07]} Ne8 {[%clk 0:55:42]} 18. Nxa7 {[%clk 0:56:43]} Bxd3
{[%clk 0:55:02]} 19. Qxd3 {[%clk 0:57:06]} Rxa7 {[%clk 0:55:15]} 20. e4
{[%clk 0:57:25]} Rac7 {[%clk 0:53:28]} 21. Ne2 {[%clk 0:57:04]} Bg5
{[%clk 0:49:38]} 22. Rf1 {[%clk 0:54:28]} h5 {[%clk 0:42:24]} 23. e5
{[%clk 0:53:59]} Ng7 {[%clk 0:42:23]} 24. g4 {[%clk 0:53:35]} Be7
{[%clk 0:41:05]} 25. h3 {[%clk 0:52:44]} Rc4 {[%clk 0:37:20]} 26. b3
{[%clk 0:52:27]} R4c6 {[%clk 0:37:46]} 27. Rfc1 {[%clk 0:51:12]} R8c7
{[%clk 0:37:34]} 28. Bd2 {[%clk 0:50:39]} Qc8 {[%clk 0:36:38]} 29. Rxc6
{[%clk 0:50:55]} Rxc6 {[%clk 0:37:04]} 30. Rc1 {[%clk 0:51:13]} Rxc1+
{[%clk 0:36:28]} 31. Bxc1 {[%clk 0:51:17]} Bb4 {[%clk 0:36:09]} 32. Bg5
{[%clk 0:48:37]} Qc7 {[%clk 0:33:54]} 33. Kf1 {[%clk 0:45:40]} Be7
{[%clk 0:30:41]} 34. Bd2 {[%clk 0:45:49]} hxg4 {[%clk 0:30:25]} 35. hxg4
{[%clk 0:45:55]} Qc6 {[%clk 0:30:11]} 36. f4 {[%clk 0:45:44]} Kf8
{[%clk 0:29:15]} 37. Ke1 {[%clk 0:45:17]} Ke8 {[%clk 0:27:29]} 38. Kd1
{[%clk 0:45:33]} Kd7 {[%clk 0:26:54]} 39. Nc3 {[%clk 0:43:36]} Bb4
{[%clk 0:21:55]} 40. Nb5 {[%clk 1:13:30]} Be7 {[%clk 0:51:50]} 41. Qh3
{[%clk 1:13:12]} Qc8 {[%clk 0:52:07]} 42. Qh7 {[%clk 1:13:27]} Bf8
{[%clk 0:49:11]} 43. Qg8 {[%clk 1:11:47]} Qe8 {[%clk 0:49:16]} 44. Be1
{[%clk 1:12:11]} g5 {[%clk 0:48:39]} 45. fxg5 {[%clk 1:12:35]} Qe7
{[%clk 0:48:29]} 46. Nd6 {[%clk 1:11:35]} Qxg5 {[%clk 0:48:09]} 47. Qxf8
{[%clk 1:11:46]} Qxg4+ {[%clk 0:48:34]} 48. Kc1 {[%clk 1:12:04]} 1-0

[Event "WYCC Open U12"]
[Site "Porto Carras"]
[Date "2015.10.27"]
[Round "3.2"]
[White "Firouzja, Alireza"]
[Black "Martinovici, Ilie"]
[Result "1-0"]
[BlackElo "2031"]
[WhiteElo "2364"]
[LiveChessVersion "1.4.6"]

1. Nf3 {[%clk 1:30:57]} Nf6 {[%clk 1:30:25]} 2. g3 {[%clk 1:31:20]} d5
{[%clk 1:30:29]} 3. Bg2 {[%clk 1:31:41]} e6 {[%clk 1:30:51]} 4. c4
{[%clk 1:31:51]} Be7 {[%clk 1:31:02]} 5. O-O {[%clk 1:31:27]} O-O
{[%clk 1:31:09]} 6. b3 {[%clk 1:31:15]} b6 {[%clk 1:31:01]} 7. Bb2
{[%clk 1:31:27]} Bb7 {[%clk 1:31:23]} 8. cxd5 {[%clk 1:30:15]} Nxd5
{[%clk 1:30:39]} 9. d4 {[%clk 1:27:19]} Nd7 {[%clk 1:30:53]} 10. Nbd2
{[%clk 1:25:27]} N5f6 11. Rc1 Rc8 {[%clk 1:10:13]} 12. Nc4 {[%clk 1:22:01]} Bd5
{[%clk 1:00:55]} 13. Nce5 {[%clk 1:09:46]} c5 {[%clk 0:49:36]} 14. Nxd7
{[%clk 1:09:56]} Qxd7 {[%clk 0:47:11]} 15. dxc5 {[%clk 1:09:39]} Rxc5
{[%clk 0:46:53]} 16. Rxc5 {[%clk 1:08:38]} bxc5 {[%clk 0:45:07]} 17. Ne5
{[%clk 1:01:30]} Qb7 {[%clk 0:40:08]} 18. Bxd5 {[%clk 0:59:53]} exd5
{[%clk 0:37:19]} 19. Qc2 {[%clk 1:00:13]} Nd7 {[%clk 0:28:47]} 20. Rd1
{[%clk 0:58:26]} Nxe5 {[%clk 0:27:30]} 21. Bxe5 {[%clk 0:58:50]} Rd8
{[%clk 0:27:10]} 22. e3 {[%clk 0:58:24]} Qc6 {[%clk 0:26:39]} 23. Bb2
{[%clk 0:50:32]} Qe6 {[%clk 0:19:26]} 24. Ba3 {[%clk 0:43:50]} Rc8
{[%clk 0:19:49]} 25. Qd2 {[%clk 0:39:52]} Rd8 {[%clk 0:19:18]} 26. Qa5
{[%clk 0:37:42]} Qb6 {[%clk 0:19:26]} 27. Qa4 {[%clk 0:37:56]} h5
{[%clk 0:14:22]} 28. Bb2 {[%clk 0:33:42]} a6 {[%clk 0:10:09]} 29. Bc3
{[%clk 0:31:29]} Qb5 {[%clk 0:08:49]} 30. Qf4 {[%clk 0:31:33]} Qe2
{[%clk 0:07:30]} 31. Rd2 {[%clk 0:30:42]} Qg4 {[%clk 0:07:55]} 32. Ba5
{[%clk 0:21:24]} Qxf4 {[%clk 0:06:59]} 33. gxf4 {[%clk 0:21:41]} Rd7
{[%clk 0:07:21]} 34. e4 {[%clk 0:21:41]} d4 {[%clk 0:07:42]} 35. Kf1
{[%clk 0:21:36]} g5 {[%clk 0:05:36]} 36. f3 {[%clk 0:19:17]} Kh7 {[%clk 0:03:50]}
37. Ke2 {[%clk 0:18:43]} Bd6 {[%clk 0:02:08]} 38. e5 {[%clk 0:18:16]} Bb8
{[%clk 0:02:06]} 39. Kd3 {[%clk 0:16:12]} gxf4 {[%clk 0:01:48]} 40. Re2
{[%clk 0:38:50]} Re7 {[%clk 0:30:33]} 41. Bb6 {[%clk 0:38:25]} Ba7
{[%clk 0:27:24]} 42. Bxa7 {[%clk 0:38:30]} Rxa7 {[%clk 0:27:50]} 43. Rc2
{[%clk 0:38:43]} Kg6 {[%clk 0:17:56]} 44. Rxc5 {[%clk 0:38:30]} Kf5
{[%clk 0:18:11]} 45. Kxd4 {[%clk 0:38:07]} Rd7+ {[%clk 0:18:32]} 46. Rd5
{[%clk 0:37:56]} Rc7 {[%clk 0:18:37]} 47. e6+ {[%clk 0:37:58]} Kxe6
{[%clk 0:18:59]} 48. Rxh5 {[%clk 0:38:23]} Rc2 {[%clk 0:18:48]} 49. Ra5
{[%clk 0:38:22]} Rxh2 {[%clk 0:18:51]} 50. Ke4 {[%clk 0:38:29]} Kf6
{[%clk 0:18:17]} 51. Rxa6+ {[%clk 0:38:44]} Kg5 {[%clk 0:18:34]} 52. Ra5+
{[%clk 0:39:10]} f5+ {[%clk 0:18:39]} 53. Rxf5+ {[%clk 0:39:33]} Kh4
{[%clk 0:18:43]} 54. Rxf4+ {[%clk 0:39:56]} Kg3 {[%clk 0:19:10]} 55. Rg4+
{[%clk 0:39:07]} Kh3 {[%clk 0:19:33]} 56. b4 {[%clk 0:37:10]} Rxa2
{[%clk 0:19:56]} 57. Kd5 {[%clk 0:37:02]} Ra3 {[%clk 0:19:49]} 58. b5
{[%clk 0:36:56]} Rxf3 {[%clk 0:20:13]} 59. Rb4 {[%clk 0:37:23]} Rf5+
{[%clk 0:19:52]} 60. Ke6 {[%clk 0:37:42]} Rh5 {[%clk 0:20:17]} 61. b6
{[%clk 0:38:05]} Rh6+ {[%clk 0:20:45]} 62. Kd5 {[%clk 0:38:15]} Rh5+
{[%clk 0:21:08]} 63. Kc6 {[%clk 0:38:39]} Rh6+ {[%clk 0:21:36]} 64. Kb5
{[%clk 0:39:03]} 1-0

[Event "WYCC Open U12"]
[Site "Porto Carras"]
[Date "2015.10.27"]
[Round "3.3"]
[White "Wang, Wesley"]
[Black "Keymer, Vincent"]
[Result "0-1"]
[BlackElo "2347"]
[WhiteElo "2032"]
[LiveChessVersion "1.4.6"]

1. e4 {[%clk 1:30:57]} c5 {[%clk 1:30:57]} 2. d4 {[%clk 1:31:22]} cxd4
{[%clk 1:31:24]} 3. c3 {[%clk 1:31:46]} dxc3 {[%clk 1:31:49]} 4. Nxc3
{[%clk 1:32:09]} Nc6 {[%clk 1:32:16]} 5. Nf3 {[%clk 1:32:32]} e6 {[%clk 1:32:42]}
6. Bc4 {[%clk 1:32:55]} Nge7 {[%clk 1:32:54]} 7. O-O {[%clk 1:32:59]} a6
{[%clk 1:32:21]} 8. Qe2 Ng6 {[%clk 1:30:21]} 9. Rd1 {[%clk 1:32:52]} d6
{[%clk 1:29:17]} 10. Be3 {[%clk 1:32:27]} Be7 {[%clk 1:28:43]} 11. a3
{[%clk 1:32:37]} O-O {[%clk 1:27:49]} 12. Rac1 {[%clk 1:32:41]} b5
{[%clk 1:25:26]} 13. Ba2 {[%clk 1:33:00]} Bb7 {[%clk 1:25:29]} 14. b4
{[%clk 1:31:16]} Rc8 {[%clk 1:24:31]} 15. Bb3 Qe8 16. Bb6 {[%clk 1:23:09]} Nge5
{[%clk 1:17:32]} 17. Na2 {[%clk 1:20:35]} Nxf3+ {[%clk 1:16:44]} 18. Qxf3
{[%clk 1:20:53]} Ne5 {[%clk 1:17:09]} 19. Qe2 {[%clk 1:21:16]} Rxc1
{[%clk 1:16:51]} 20. Rxc1 {[%clk 1:21:26]} Qa8 {[%clk 1:17:12]} 21. f3
{[%clk 1:16:23]} Rc8 {[%clk 1:12:45]} 22. a4 {[%clk 1:11:15]} Rxc1+
{[%clk 1:09:21]} 23. Nxc1 {[%clk 1:11:39]} bxa4 {[%clk 1:08:37]} 24. Bxa4
{[%clk 1:12:00]} Bc6 {[%clk 1:08:55]} 25. Bb3 {[%clk 1:09:22]} Qb7
{[%clk 1:08:29]} 26. Ba5 {[%clk 1:06:45]} Bg5 {[%clk 1:07:43]} 27. Na2
{[%clk 1:04:37]} Qa7+ {[%clk 1:07:36]} 28. Kh1 {[%clk 1:04:54]} Qd4
{[%clk 1:07:19]} 29. h4 {[%clk 1:03:35]} Bf4 {[%clk 1:07:22]} 30. g3
{[%clk 1:02:08]} Nxf3 {[%clk 1:07:19]} 0-1

[Event "WYCC Open U12"]
[Site "Porto Carras"]
[Date "2015.10.27"]
[Round "3.4"]
[White "Gavrilescu, David"]
[Black "Katopodis, Dimitrios"]
[Result "1-0"]
[BlackElo "2018"]
[WhiteElo "2208"]
[LiveChessVersion "1.4.6"]

1. c4 {[%clk 1:30:32]} c6 {[%clk 1:30:11]} 2. e4 {[%clk 1:30:46]} d5
{[%clk 1:29:55]} 3. cxd5 {[%clk 1:31:02]} cxd5 {[%clk 1:29:42]} 4. exd5
{[%clk 1:31:14]} Nf6 {[%clk 1:29:29]} 5. Qa4+ {[%clk 1:29:49]} Nbd7
{[%clk 1:28:33]} 6. Nc3 {[%clk 1:28:43]} g6 {[%clk 1:27:35]} 7. Nf3
{[%clk 1:26:57]} Bg7 {[%clk 1:26:34]} 8. Bc4 {[%clk 1:27:06]} O-O
{[%clk 1:25:14]} 9. d3 {[%clk 1:26:34]} a6 10. Qa3 {[%clk 1:26:34]} Nb6 11. Qb3
Nxc4 {[%clk 1:11:48]} 12. dxc4 {[%clk 1:23:36]} e6 {[%clk 1:10:41]} 13. O-O
{[%clk 1:20:48]} b5 {[%clk 0:51:07]} 14. cxb5 {[%clk 1:13:07]} Nxd5
{[%clk 0:45:40]} 15. Rd1 {[%clk 1:07:18]} axb5 {[%clk 0:44:47]} 16. Nxd5
{[%clk 0:54:53]} exd5 {[%clk 0:44:38]} 17. Be3 {[%clk 0:45:47]} Qa5
{[%clk 0:30:25]} 18. Bd4 {[%clk 0:44:39]} Qa4 {[%clk 0:28:30]} 19. Qe3
{[%clk 0:40:08]} Qc2 {[%clk 0:21:44]} 20. Bxg7 {[%clk 0:34:32]} Kxg7
{[%clk 0:22:04]} 21. Qd4+ {[%clk 0:32:58]} Kg8 {[%clk 0:22:01]} 22. a3
{[%clk 0:33:12]} Ra4 {[%clk 0:20:13]} 23. Qf6 {[%clk 0:29:08]} Ra6
{[%clk 0:13:16]} 24. Qe5 {[%clk 0:19:40]} Bg4 {[%clk 0:12:35]} 25. Ne1
{[%clk 0:18:23]} Qxd1 {[%clk 0:09:12]} 26. Rxd1 {[%clk 0:18:46]} Bxd1
{[%clk 0:09:28]} 27. Qxd5 {[%clk 0:19:10]} Be2 {[%clk 0:09:26]} 28. Qd2
{[%clk 0:16:16]} Bc4 {[%clk 0:08:04]} 29. Nc2 {[%clk 0:15:31]} Raa8
{[%clk 0:07:11]} 30. Ne3 {[%clk 0:14:24]} Rfd8 {[%clk 0:07:20]} 31. Qc3
{[%clk 0:13:23]} Rd6 {[%clk 0:06:17]} 32. h4 {[%clk 0:12:31]} Rad8
{[%clk 0:03:46]} 33. h5 {[%clk 0:09:26]} Rd3 {[%clk 0:03:21]} 34. Qe5
{[%clk 0:08:47]} R3d6 {[%clk 0:01:21]} 35. Ng4 {[%clk 0:07:01]} Re6
{[%clk 0:00:42]} 36. Nf6+ {[%clk 0:01:55]} Kg7 {[%clk 0:00:31]} 37. h6+
{[%clk 0:02:05]} Kh8 {[%clk 0:00:34]} 38. Qc7 {[%clk 0:01:19]} Rf8
{[%clk 0:00:32]} 39. b3 {[%clk 0:01:39]} Bxb3 {[%clk 0:00:32]} 40. Qc3
{[%clk 0:32:02]} 1-0